| 000 | 01354nam0a2200349 4500 | ||
|---|---|---|---|
| 001 | RU\NLR\bibl\121578 | ||
| 005 | 20250617101017.0 | ||
| 021 |
_aRU _b2000-34659 _91609 |
||
| 035 | _a(NLR Aleph) 000119068 | ||
| 090 |
_a677591 _c677591 |
||
| 100 | _a20001012d2000 |||y0rusy50 ca | ||
| 101 | 0 | _arus | |
| 102 | _aRU | ||
| 105 | _ay ||||||||| | ||
| 200 | 1 |
_aПути повышения эффективности производства цемента _fВ. С. Платонов, Е. А. Малооков _gПод ред. Е. Л. Кантора; М-во образования Рос. Федерации |
|
| 210 |
_aСПб. _cСев.-Зап. заоч. политехн. ин-т _d2000 |
||
| 215 |
_a74 с. _d21 |
||
| 606 | 0 |
_aГорючие сланцы _xИспользование комплексное _91476375 _3RU\NLR\auth\66318812 |
|
| 610 | 0 | _aЦементное производство | |
| 675 |
_a666.94.003.13 _v3 _zrus |
||
| 686 |
_a61.35 _2rugasnti |
||
| 686 |
_a65.304.19 _2rubbk |
||
| 686 | _aЛ527 | ||
| 700 | 1 |
_aПлатонов _gВиктор Степанович _4070 |
|
| 701 | 1 |
_aМалооков _gЕвгений Андреевич _4070 |
|
| 801 | 0 |
_aRU _bRKP _c20001012 _gPSBO |
|
| 801 | 1 |
_aRU _bRKP _c20001012 |
|
| 801 | 2 |
_aRU _bNLR _c20010127 _grcr |
|
| 852 |
_aNLR _j2000-4/7698 |
||
| 942 | _cBOOK | ||
| 980 | _aNB | ||